COMPARISION OF THE EFFECTS OF OTAGO EXERCISE PROGRAMME AND PILATES BASED EXERCISE TO MINIMIZE RISK OF FALL IN OLDER ADULTS WOMEN RURAL POPULATIONS OF HARYANA (Record no. 32175)

MARC details
000 -LEADER
fixed length control field 00436nam a22001457a 4500
003 - CONTROL NUMBER IDENTIFIER
control field SGT
082 ## - DEWEY DECIMAL CLASSIFICATION NUMBER
Classification number 617.84
Item number C22K
100 ## - MAIN ENTRY--PERSONAL NAME
Personal name KASHISH
245 ## - TITLE STATEMENT
Title COMPARISION OF THE EFFECTS OF OTAGO EXERCISE PROGRAMME AND PILATES BASED EXERCISE TO MINIMIZE RISK OF FALL IN OLDER ADULTS WOMEN RURAL POPULATIONS OF HARYANA
260 ## - PUBLICATION, DISTRIBUTION, ETC. (IMPRINT)
Place of publication, distribution, etc GURUGRAM
Name of publisher, distributor, etc SGT UNIVERSITY
Year of Publication 2022
300 ## - PAGE DESCRIPTION
No. of Pages 124
650 ## - SUBJECT ADDED ENTRY--TOPICAL TERM
Topical term or geographic name as entry element NEUROLOGY
653 ## - KEYWORDS--INDEX TERM
Keyword term MPT
942 ## - ADDED ENTRY ELEMENTS (KOHA)
Source of classification or shelving scheme Dewey Decimal Classification
Koha item type Thesis/Dissertation
Holdings
Withdrawn status Lost status Source of classification or shelving scheme Damaged status Not for loan Home library Current library Shelving location Date acquired Full call number Accession No. (Barcode) Date last seen Bill Date Koha item type
    Dewey Decimal Classification   Not For Loan SGT Medical Library SGT Medical Library Reference Book 07/08/2025 617.84 C22K DT2295 07/08/2025 07/08/2025 Thesis/Dissertation